Vista normal
Vista MARC
- Torrado, Susana
Entrada Personal Name
Número de registros utilizados en: 1
001 - CONTROL NUMBER
- control field: 2733
003 - CONTROL NUMBER IDENTIFIER
- control field: armpun
005 - DATE AND TIME OF LATEST TRANSACTION
- control field: 20250829124613.0
008 - FIXED-LENGTH DATA ELEMENTS
- fixed length control field: 250829|| aca||aabn | a|a d
040 ## - CATALOGING SOURCE
- Original cataloging agency: armpun
- Transcribing agency: armpun
100 ## - HEADING--PERSONAL NAME
- Personal name: Torrado, Susana
670 ## - SOURCE DATA FOUND
- Source citation: Work cat.: (armpun)3057: Torrado, Susana, Familia y diferenciación social , 2006